Statistics for Top 25 MLB On Base Percentage

Click here to take the quiz!

General Stats

  • This quiz has been taken 8 times
  • The average score is 12 of 25

Answer Stats

HintAnswer% Correct
.4739Babe Ruth
100%
.4443Barry Bonds
100%
.4205Mickey Mantle
88%
.4817Ted Williams
88%
.4328Ty Cobb
88%
.4474Lou Gehrig
75%
.4191Frank Thomas
63%
.4167Stan Musial
63%
.4337Tris Speaker
63%
.4178Edgar Martinez
50%
.4328Jimmie Foxx
50%
.4337Rogers Hornsby
50%
.4227Shoeless Joe Jackson
50%
.4552Billy Hamilton
38%
.4356Jud Wilson
38%
.4244Eddie Collins
25%
.4487Oscar Charleston
25%
.4349Bill Joyce
13%
.4157Cupid Childs
13%
.4234Dan Brouthers
13%
.4241Ferris Fain
13%
.4657John McGraw
13%
.4230Max Bishop
13%
.4192Mickey Cochrane
13%
.4174Turkey Stearnes
13%

Score Distribution

Percentile by Number Answered

Percent of People with Each Score

Your Score History

You have not taken this quiz